| 000 | 01385cam a2200409 a 4500 | ||
|---|---|---|---|
| 999 |
_c620 _d620 |
||
| 001 | 000034713923 | ||
| 003 | CaOOAMICUS | ||
| 005 | 20210616065540.0 | ||
| 008 | 090304s2010 onca b 001 0 eng | ||
| 016 | _a2009901307X | ||
| 020 | _a9780176501327 : | ||
| 035 | _a(Sirsi) a2707214 | ||
| 040 |
_aCaOONL _beng _cCaOONL _dCaOONL |
||
| 050 |
_aHF5549.5 M3 _b.B45 2009 |
||
| 055 | 0 | 2 | _aHF5549.5* |
| 055 | 0 |
_aHF5549.5 M3 _b.B45 2009 |
|
| 082 | 0 |
_a658.3/01 _222 |
|
| 090 | _a658.301 B25 2010 | ||
| 090 | _a658.301 BEL | ||
| 100 | 1 |
_aBelcourt, Monica, _d1946- |
|
| 245 | 1 | 0 |
_aStrategic human resources planning / _cMonica Belcourt, Kenneth J. McBey. |
| 250 | _aFourth edition | ||
| 260 |
_aToronto : _bNelson Education, _cc2010. |
||
| 300 |
_axxxi, 424 pages : _billustrations (some color) ; _c26 cm. |
||
| 336 |
_atext _btxt _2rdacontent |
||
| 337 |
_aunmediated _bn _2rdamedia |
||
| 338 |
_avolume _bnc _2rdacarrier |
||
| 490 | 1 | _aNelson series in human resources management | |
| 500 | _aOrder of authors' names reversed on 2nd ed. | ||
| 504 | _aIncludes bibliographical references and index. | ||
| 650 | 0 |
_aManpower planning _vTextbooks. |
|
| 700 | 1 |
_aMcBey, Kenneth James, _d1956- |
|
| 700 | 1 |
_aMcBey, Kenneth James, _d1956- _tStrategic human resources planning. |
|
| 830 | 0 | _aNelson series in human resources management. | |
| 910 | _aCanadian | ||
| 942 |
_2lcc _cBK _nDO |
||